000 01026nam a22003257a 4500
003 CHAP
005 20220329133829.0
008 971013s1986 r 00010 d
010 _a11521
011 _a12493
035 _a15679
040 _cCHAP
082 _a631.312
_bN3
100 0 0 _aNartov, P. S.
_980240
245 _aDisk soil-working implements
260 _aRotterdam :
_bBalkema,
_c1986
300 _a148 p.
_b: ilus.; gráfs.
490 _aRussian translation series
_v; 27
500 _aTrad. del original en ruso D14-114
590 _aBATCH-UPD
_b10
_c20130110
_lUCH01
_h2016
590 _aBATCH-UPD
_b10
_c20130410
_lUCH01
_h1334
590 _aBATCH-UPD
_b10
_c20130914
_lUCH01
_h1757
590 _aCONVERSION
_b10
_c20130109
_lUCH01
_h1308
650 1 4 _aArados de disco.
_96418
650 1 4 _aMaquinaria agrícola.
_971151
830 0 _aRussian translation series
_v; 27
_9100975
901 _aBK
942 _cLIBRO
949 _a631.312 N3
_bBC
_cLIBRO
_d33724000058939
_eLIBRO
_gI.135627
_h70651
_i15679
_si
_t24.91
999 _c11521
_d11521